000
00274nam a22001217a 4500
020
_a
9781119666134
040
_c
NUST IESE
082
_2
SIXTH
_a
338.5
245
_a
MICROECONOMICS
260
_a
CHICAGO
_b
Lise Johson
_c
2020
300
_a
772
942
_2
ddc
_c
BK
_e
SIXTH
_k
338.5
999
_c
594589
_d
594589